Solimán el Magnífico. 1520-1566 / (Record no. 103802)

MARC details
000 -LEADER
campo de control de longitud fija 00664nam a2200193 i 4500
001 - NÚMERO DE CONTROL
campo de control 103802
003 - IDENTIFICADOR DE NÚMERO DE CONTROL
campo de control ES-MaACL
005 - FECHA Y HORA DE LA ÚLTIMA TRANSACCIÓN
campo de control 20230906183440.0
007 - CAMPO FIJO DE DESCRIPCIÓN FÍSICA--INFORMACIÓN GENERAL
campo de control de longitud fija t|
008 - DATOS DE LONGITUD FIJA--INFORMACIÓN GENERAL
campo de control de longitud fija 051118s1946 ag ||||1| spa d
100 1# - ENTRADA PRINCIPAL--NOMBRE DE PERSONA
Nombre de persona Merriman, Roger Bigelow.
9 (RLIN) 80603
245 10 - MENCIÓN DEL TÍTULO
Título Solimán el Magnífico. 1520-1566 /
Mención de responsabilidad, etc. Roger Bigelow Merriman; [traducción del inglés hecha por H. Caprile].
250 ## - MENCION DE EDICION
Mención de edición [1ª ed.].
260 ## - PUBLICACIÓN, DISTRIBUCIÓN, ETC.
Lugar de publicación, distribución, etc. Buenos Aires :
Nombre del editor, distribuidor, etc. Espasa-Calpe,
Fecha de publicación, distribución, etc. 1946.
300 ## - DESCRIPCIÓN FÍSICA
Extensión 270 p., 1 h. con 1 lám. ;
Dimensiones 23 cm.
600 14 - PUNTO DE ACCESO ADICIONAL DE MATERIA--NOMBRE DE PERSONA
Nombre de persona Sulayman
Títulos y otros términos asociados al nombre el Magnífico, Sultán de Turquía (
Fechas asociadas al nombre 1494-1566)
9 (RLIN) 165967
700 1# - ENTRADA AGREGADA--NOMBRE PERSONAL
Nombre de persona Caprile, H.
9 (RLIN) 34907
852 ## - LOCALIZACIÓN
Ubicación ES-MaACL
Número de control de estantería D-7646
Sublocalización o colección R.29379
Holdings
Estatus retirado Estado de pérdida Estado de daño No para préstamo Biblioteca de origen Biblioteca actual Ubicación en estantería Fecha de adquisición Fuente de adquisición Total de préstamos Signatura topográfica completa Código de barras Visto por última vez Precio de reemplazo Tipo de ítem Koha
        Biblioteca del Ateneo de Madrid Biblioteca del Ateneo de Madrid Sala Valle Inclán 17/01/2008     D-7646 901108374 23/02/2023 23/02/2023 Libro impreso